000 00578nam a22002057a 4500
005 20251108173306.0
008 250721s2006 xx 000 0 ara d
082 1 4 _a371.3/خوا
100 1 _aزايد، فهد خليل
245 1 0 _aفن الكتابة و التعبير /
264 1 _aعمان :
_bالمؤلف،
_c2006.
300 _a266ص.
650 1 7 _aالتعبير
650 1 7 _aالتعليم العالي
650 1 7 _aاللغة العربية
650 1 7 _aالكتابة
700 1 _aالسعدي، فاطمة
942 _2ddc
_cBK
999 _c100537
_d100537